000 00652nam a2200217 a 4500
001 BRCA_7033
005 20190320205701.0
008 291111s1874----enka######---#001-0#eng-#
041 _aeng
044 _aenk
050 4 _aSB409
_b.B86 1874
245 1 0 _aCool orchids and how grow them
_bwith a descriptive list of all the best species in cultivation
_cF. W. Burbidge
260 _aLondres
_bR. Hardwicke
_c1874
300 _a160 p.
_bil. (algunas a color)
_c18 cm.
500 _aIncluye índice de ilustraciones y glosario
500 _aI179
650 1 4 _aOrquídeas
_97665
700 1 _aBurbidge, F. W.
_917482
902 _aGFM
942 _2lcc
_cB
999 _c6714
_d6714